Vista normal
Vista MARC
Entrada Nombre personal
Número de registros utilizados en: 5
001 - NÚMERO DE CONTROL
- campo de control: 2438
003 - IDENTIFICADOR DE NÚMERO DE CONTROL
- campo de control: Biblioxarxa
005 - FECHA Y HORA DE LA ÚLTIMA TRANSACCIÓN
- campo de control: 20251021084710.0
008 - ELEMENTOS DE DATO DE LONGITUD-FIJA
- campo de control de longitud fija: 251021|| aca||aabn | a|a d
040 ## - FUENTE DE CATALOGACIÓN
- Centro catalogador/agencia de origen: Biblioxarxa
- Centro/agencia transcriptor: Biblioxarxa
100 ## - ENCABEZAMIENTO-NOMBRE DE PERSONA
- Nombre de persona: Bou, Marc
- Fechas asociadas al nombre: 1979-
670 ## - FUENTE DE DATOS ENCONTRADOS
- Cita de la fuente: Work cat.: (Biblioxarxa)1542: Borja, Joan 1968- autor aut 2436, Guia inacabada de la fantasia valenciana